El relato de vida: interfaz entre intimidad y vida colectiva /

Na minha lista:
Detalhes bibliográficos
Autor principal: Enriquez, Eugène
Formato: Texto
Assuntos:
Tags: Adicionar Tag
Sem tags, seja o primeiro a adicionar uma tag!

MARC

LEADER 00000 a a2200000 04500
001 12400
003
040
100 |a Enriquez, Eugène  
245 |a El relato de vida:   |b interfaz entre intimidad y vida colectiva /  |c Eugène Enriquez 
650 |a HISTORIA DE VIDA  
650 |a HISTORIA SOCIAL  
773 |g volumen 10, número 21; páginas 35-47  
999 |c 32010  |d 32010